000 00247nam a2200097Ia 4500
008 230508s2005 xx 000 0 und d
041 _aeng
100 _aROY & DESHMUKH
245 _aCUTTING TOOL TECHNOLOGY VOL.I
260 _bNIRALI PUBLI PUNE
_c2005
999 _c735597
_d735597